<?xml version="1.0" encoding="UTF-8"?>
<record
    xmlns:xsi="http://www.w3.org/2001/XMLSchema-instance"
    xsi:schemaLocation="http://www.loc.gov/MARC21/slim http://www.loc.gov/standards/marcxml/schema/MARC21slim.xsd"
    xmlns="http://www.loc.gov/MARC21/slim">

  <leader>00725na  a2200217   4500</leader>
  <controlfield tag="001">21249</controlfield>
  <controlfield tag="003">MIRAKIL</controlfield>
  <controlfield tag="005">20181213154932.0</controlfield>
  <controlfield tag="008">170207b        tu            000 0      </controlfield>
  <datafield tag="040" ind1=" " ind2=" ">
    <subfield code="a">Milas</subfield>
    <subfield code="b">tur</subfield>
    <subfield code="c">TR-AnCHP</subfield>
  </datafield>
  <datafield tag="041" ind1=" " ind2=" ">
    <subfield code="a">tur</subfield>
  </datafield>
  <datafield tag="082" ind1=" " ind2=" ">
    <subfield code="a">351.7223</subfield>
    <subfield code="b">R79i 2009</subfield>
  </datafield>
  <datafield tag="090" ind1=" " ind2=" ">
    <subfield code="a">351.7223 R79i  2009</subfield>
  </datafield>
  <datafield tag="110" ind1=" " ind2=" ">
    <subfield code="a">Radyo ve Televizyon &#xDC;st Kurulu (RT&#xDC;K)</subfield>
  </datafield>
  <datafield tag="245" ind1=" " ind2=" ">
    <subfield code="a">2009 y&#x131;l&#x131; b&#xFC;t&#xE7;e  tasar&#x131;s&#x131;</subfield>
    <subfield code="c">Radyo ve Televizyon &#xDC;st Kurulu (RT&#xDC;K)</subfield>
  </datafield>
  <datafield tag="260" ind1=" " ind2=" ">
    <subfield code="a">Ankara </subfield>
    <subfield code="b">Radyo ve Televizyon &#xDC;st Kurulu (RT&#xDC;K)</subfield>
    <subfield code="c">2008</subfield>
  </datafield>
  <datafield tag="300" ind1=" " ind2=" ">
    <subfield code="a">yakla&#x15F;&#x131;k 30 s.</subfield>
    <subfield code="b">tbl.</subfield>
    <subfield code="c">20 sm.</subfield>
  </datafield>
  <datafield tag="610" ind1=" " ind2=" ">
    <subfield code="a">Radyo ve Televizyon &#xDC;st Kurulu</subfield>
    <subfield code="x">B&#xFC;t&#xE7;e tasar&#x131;s&#x131;</subfield>
    <subfield code="y">2009</subfield>
  </datafield>
  <datafield tag="710" ind1=" " ind2=" ">
    <subfield code="a">T.C. Radyo ve Televizyon &#xDC;st Kurulu (RT&#xDC;K)</subfield>
  </datafield>
  <datafield tag="942" ind1=" " ind2=" ">
    <subfield code="2">ddc</subfield>
    <subfield code="c">BKS</subfield>
  </datafield>
  <datafield tag="952" ind1=" " ind2=" ">
    <subfield code="a">0001</subfield>
    <subfield code="b">0001</subfield>
    <subfield code="d">2017-02-02</subfield>
    <subfield code="e">2</subfield>
    <subfield code="l">0</subfield>
    <subfield code="o">351.7223 R79i  2009</subfield>
    <subfield code="p">012221</subfield>
    <subfield code="r">2017-02-02 00:00:00</subfield>
    <subfield code="v">0.00</subfield>
    <subfield code="w">2017-02-02</subfield>
    <subfield code="y">BKS</subfield>
  </datafield>
  <datafield tag="999" ind1=" " ind2=" ">
    <subfield code="c">3451</subfield>
    <subfield code="d">3451</subfield>
  </datafield>
</record>
